1656 1013 1946 1907 1669 1524 1628 1953 1335 1978 1747 1974 1047 1550 1412 1539 1540 1267 1577 1981 1500 1649 1980 1106 1554 1285 1701 1424 1492 1886 1480 1973 1977 1507 1413 1799 1991 1040 1050 1285 1231 1905 1829 1681 1303 1225 1992 1805 1437 1521 1799 1764 1769 1759 1952 1422 1615 1114 1656 1766 1362 1744 1188 1321 1860 1476 1162 1446 1043 1749 1249 1177 1498 1308 1087 1113 1064 1803 1405 1879 1967 1922 1594 1058 1573 1632 1979 1687 1102 1630 1069 1640 1600 1386 1567 1269 1619 1662 1559 BCNSPRNW ULIB Ver.6.0+V

เปลี่ยนเป็นภาษาไทย

Change to English
 แสดงรายละเอียดบรรณานุกรม
  กลับหน้าหลัก

Brief Record : Get Marc (ISO 2709) : E-mail record : QR code < ปิดหน้าต่าง
LEADER : 00000nam 2200000uu 4500
001    13399129077
003     ULIB
008    020711s2566 th a 000 0 tha d
020    ^a9786169423300
060    ^aWB100^bว841C^cล.1
100    ^aวีระเดช พิศประเสริฐ, จันทรภา ศรีสวัสดิ์, ธันยชัย สุระ และวิชัย ประยูรวิวัฒน์, บรรณาธิการ
245    ^aCASE-BASED APPROACHES IN INTERNAL MEDICINE เล่ม 1
250    ^aพิมพ์ครั้งที่ 1
260    ^aกรุงเทพฯ :^bราชวิทยาลัยอายุรแพทย์แห่งประเทศไทย ในพระบรมราชูปถัมภ์,^c2566
300    ^a354 หน้า;^c19 ซม.
650    ^aผู้ป่วย^xการพยาบาล
710    ^aราชวิทยาลัยอายุรแพทย์แห่งประเทศไทย
945    ^p500^l0^i011771
945    ^p500^l0^i011772
999    ^aประนอม เกษจรัล
รายการนี้ยังไม่มีแท็ก
คุณยังไม่ได้ล็อกอิน คุณสามารถมีกิจกรรมร่วมกับเว็บไซต์ได้ แต่ต้องล็อกอินก่อน ::
  ล็อกอิน

รายการสื่อสารสนเทศ

ลำดับที่ ประเภท เลขเรียก/บาร์โค้ด สถานที่ สถานะ
1. วิทยาศาสตร์การแพทย์ และสุขภาพ
หนังสือสำรอง
สถานะ=หนังสือสำรอง
WB100 ว841C ล.1 ฉ.1 
  Barcode: 011771
ห้องสมุดวิทยาเขตสวรรค์ประชารักษ์
►หนังสือทั่วไป
บนชั้น
2. วิทยาศาสตร์การแพทย์ และสุขภาพ
วิทยาศาสตร์การแพทย์ และสุขภาพ
WB100 ว841C ล.1 ฉ.2 
  Barcode: 011772
ห้องสมุดวิทยาเขตสวรรค์ประชารักษ์
►หนังสือทั่วไป
บนชั้น
3. วิทยาศาสตร์การแพทย์ และสุขภาพ
วิทยาศาสตร์การแพทย์ และสุขภาพ
WB100 ว841C ล.1 ฉ.3 
  Barcode: 012193
ห้องสมุดวิทยาเขตสวรรค์ประชารักษ์
►หนังสือทั่วไป
บนชั้น

รายการใกล้เคียง
    ผู้แต่ง [วีระเดช พิศประเสริฐ, จันทรภา ศรีสวัสดิ์, ธันยชัย สุระ และวิชัย ประยูรวิวัฒน์, บรรณาธิการ]

    หัวเรื่อง [ผู้ป่วย การพยาบาล]

BibComment


ยังไม่เคยถูกคอมเมนท์

คอมเมนท์ทรัพยากรรายการนี้
  คอมเมนท์: CASEBASED APPROA..


 Copyright 2026. Bcnsprnw @Library